Climate related scion dieback of young budded rubber (Hevea brasiliensis Muell. Arg) plants at nursery stage (Record no. 55697)

MARC details
000 -LEADER
fixed length control field 00733nam a2200181Ia 4500
100 ## - MAIN ENTRY--AUTHOR NAME
Personal name Senevirathna A M W K
245 #0 - TITLE STATEMENT
Title Climate related scion dieback of young budded rubber (Hevea brasiliensis Muell. Arg) plants at nursery stage
260 ## - PUBLICATION, DISTRIBUTION, ETC. (IMPRINT)
Name of publisher Climate change, low carbon economy and sustainable natural rubber industry: Preprints of proceedings of IRRDB International Rubber Conference 2010, 18-19 October 2010 Sanya, Hainan, China, pp. 131-137.
650 ## - SUBJECT ADDED ENTRY--TOPICAL TERM
Topical Term High vigor plants
650 ## - SUBJECT ADDED ENTRY--TOPICAL TERM
Topical Term Hot and dry climate
650 ## - SUBJECT ADDED ENTRY--TOPICAL TERM
Topical Term Low vigor plants
650 ## - SUBJECT ADDED ENTRY--TOPICAL TERM
Topical Term Restacking
650 ## - SUBJECT ADDED ENTRY--TOPICAL TERM
Topical Term Scion dieback
650 ## - SUBJECT ADDED ENTRY--TOPICAL TERM
Topical Term Shade
650 ## - SUBJECT ADDED ENTRY--TOPICAL TERM
Topical Term Young budding plants
942 ## - ADDED ENTRY ELEMENTS (KOHA)
Koha item type Journals
Holdings
Withdrawn status Lost status Damaged status Not for loan Home library Current library Shelving location Date acquired Koha item type
      Journals RRII Library RRII Library Botany 05/08/2011 Journals